| 000 | 01105nam a2200313 a 4500 | ||
|---|---|---|---|
| 001 | 76862 | ||
| 003 | BD-RjUL | ||
| 005 | 20211209082910.0 | ||
| 008 | 200128s1983 miu bd 001 0deng | ||
| 020 | _a0810305194 | ||
| 035 | _a(BD-RjUL)77086 | ||
| 040 |
_aDLC _cDLC _dDLC _dBD-RjUL _beng |
||
| 041 | _aeng | ||
| 082 | 0 | 0 |
_219 _a820.99411 _bROC 1983 |
| 100 | 1 |
_aRoyle, Trevor. _9238502 |
|
| 245 | 1 | 0 |
_aCompanion to Scottish literature / _cTrevor Royle. |
| 260 |
_aDetroit, Mich. : _bGale Research Co., _cc1983. |
||
| 300 |
_axi, 322 p. ; _c24 cm. |
||
| 500 | _aBritish ed. published under title: The Macmillan companion to Scottish literature. London : Macmillan Reference Books, 1983. | ||
| 500 | _aIncludes index. | ||
| 504 | _aBibliography: p. ix-x. | ||
| 650 | 0 |
_aEnglish literature _xScottish authors _vDictionaries. _9238503 |
|
| 650 | 0 |
_aScottish literature _vDictionaries. _9238504 |
|
| 650 | 0 |
_aAuthors, Scottish _xBiography _vDictionaries. _9238505 |
|
| 651 | 0 |
_aScotland _xIn literature _vDictionaries. _9238506 |
|
| 942 |
_2ddc _cBK |
||
| 999 |
_c76862 _d76862 |
||